कळत नकळत (Record no. 326835)

MARC details
000 -LEADER
fixed length control field 00435nam a2200157Ia 4500
008 - FIXED-LENGTH DATA ELEMENTS--GENERAL INFORMATION
fixed length control field 090711s9999 xx 000 0 und d
082 ## - DEWEY DECIMAL CLASSIFICATION NUMBER
Item number 71226
100 ## - MAIN ENTRY--PERSONAL NAME
Personal name हरकारे अरुण
245 ## - TITLE STATEMENT
Title कळत नकळत
260 ## - PUBLICATION, DISTRIBUTION, ETC. (IMPRINT)
Date of publication, distribution, etc 1992
600 ## - SUBJECT ADDED ENTRY--PERSONAL NAME
Personal name हरकारे अरुण
630 ## - SUBJECT ADDED ENTRY--UNIFORM TITLE
Uniform title कळत नकळत
700 ## - ADDED ENTRY--PERSONAL NAME
Personal name हरकारे अरुण
730 ## - ADDED ENTRY--UNIFORM TITLE
Uniform title कळत नकळत
942 ## - ADDED ENTRY ELEMENTS (KOHA)
Koha item type Book
Holdings
Withdrawn status Lost status Damaged status Not for loan Home library Current library Date acquired Cost, normal purchase price Total Checkouts Full call number Barcode Date last seen Cost, replacement price Price effective from Koha item type
        Dadar Sarvajanik Vachanalaya, Dardar Dadar Sarvajanik Vachanalaya, Dardar 07/11/2009 85.00   71226 DASAVA-71226 07/11/2009 85.00 07/11/2009 Book